[Event "11th Capablanca Memorial"]
[Site "Camaguey CUB"]
[Date "1974.??.??"]
[Round "13"]
[White "Estevez Morales, Guillermo"]
[Black "Ribli, Zoltan"]
[Result "1/2-1/2"]
[WhiteElo "2345"]
[BlackElo "2525"]
[EventDate "1974.03.15"]
[PlyCount "81"]

1.Nf3 Nf6 2.g3 d5 3.Bg2 c6 4.d3 Bf5 5.O-O e6 6.Nbd2 Be7 7.b3 O-O 8.Bb2 h6 
9.Qe1 a5 10.a3 Bh7 11.e4 Qb6 12.Qe2 Nbd7 13.Ne5 Rfe8 14.Nxf7 Kxf7 15.e5 a4
16.exf6 Nxf6 17.Bh3 axb3 18.Bxe6+ Kf8 19.Nxb3 c5 20.Rae1 Bd8 21.Bxf6 Bxf6 
22.Qg4 Qd6 23.Bd7 Rxe1 24.Rxe1 c4 25.Re6 Qc7 26.Rxf6+ gxf6 27.Nd4 Bg8 28.
Be6 Qh7 29.Qf4 Bxe6 30.Nxe6+ Kg8 31.Nc7 Rf8 32.Nxd5 cxd3 33.cxd3 f5 34.Ne3
Qg6 35.h4 Qe6 36.Kh2 Rf7 37.Ng2 Qa6 38.h5 Kh7 39.Qe5 Qxd3 40.Qe6 Rg7 41.
Nf4 1/2-1/2

[Event "11th Capablanca Memorial"]
[Site "Camaguey CUB"]
[Date "1974.??.??"]
[Round "13"]
[White "Vasiukov, Evgeny"]
[Black "Parma, Bruno"]
[Result "1/2-1/2"]
[WhiteElo "2560"]
[BlackElo "2500"]
[EventDate "1974.03.15"]
[PlyCount "63"]

1.e4 d6 2.d4 Nf6 3.Nc3 g6 4.Nf3 Bg7 5.Be2 O-O 6.O-O Bg4 7.Be3 Nc6 8.Qd2 e5
9.d5 Ne7 10.a4 Bc8 11.Ne1 Nd7 12.a5 a6 13.Nd3 f5 14.f3 Nf6 15.Rfb1 Bd7 16.
Ra3 Kh8 17.Rb3 Qc8 18.Kh1 c6 19.Nf2 fxe4 20.fxe4 cxd5 21.exd5 Nf5 22.Bd3 
Nd4 23.Rb6 Bf5 24.Rxd6 Qc5 25.Rb6 Nxd5 26.Nxd5 Qxd5 27.Rd1 Rad8 28.Bxf5 
gxf5 29.Bxd4 exd4 30.Nd3 Rde8 31.Nf4 Qe4 32.Rf1 1/2-1/2

[Event "11th Capablanca Memorial"]
[Site "Camaguey CUB"]
[Date "1974.??.??"]
[Round "13"]
[White "Garcia Gonzales, Guillermo"]
[Black "Cobo Arteaga, Eldis"]
[Result "1-0"]
[WhiteElo "2470"]
[BlackElo "2395"]
[EventDate "1974.03.15"]
[PlyCount "97"]

1.Nf3 Nf6 2.b3 g6 3.Bb2 Bg7 4.c4 O-O 5.g3 d6 6.d4 e5 7.dxe5 Ng4 8.Bg2 Nc6 
9.O-O Ngxe5 10.Nxe5 dxe5 11.Nc3 Qxd1 12.Rfxd1 Nd4 13.e3 Ne6 14.Ba3 Re8 15.
Nd5 Kh8 16.Rac1 c6 17.Nc3 f5 18.f4 e4 19.g4 Nf8 20.Bc5 Be6 21.Bd4 Bxd4 22.
Rxd4 Rad8 23.Rcd1 Rxd4 24.Rxd4 Kg7 25.gxf5 gxf5 26.Bh3 Kf6 27.Kf2 Ke7 28.
Ne2 Ng6 29.c5 Kf6 30.Rd6 Ne7 31.Ng3 Nc8 32.Rd1 Ne7 33.Rd6 Nc8 34.Rd4 Ne7 
35.Ra4 a6 36.Ne2 Nd5 37.Nd4 Rg8 38.Nxe6 Kxe6 39.Rxe4+ Kf6 40.Re5 Ne7 41.e4
fxe4 42.Re6+ Kf7 43.Rxe4 Rd8 44.Be6+ Kf6 45.Bc4 Nd5 46.Rd4 Kf5 47.Kf3 h6 
48.Rd2 Rd7 49.b4 1-0

[Event "11th Capablanca Memorial"]
[Site "Camaguey CUB"]
[Date "1974.??.??"]
[Round "13"]
[White "Rossetto, Hector Decio"]
[Black "Pfleger, Helmut"]
[Result "0-1"]
[WhiteElo "2435"]
[BlackElo "2520"]
[EventDate "1974.03.15"]
[PlyCount "100"]

1.d4 Nf6 2.Nc3 d5 3.Bg5 Nbd7 4.f3 c6 5.e4 h6 6.Bxf6 Nxf6 7.e5 Ng8 8.f4 e6 
9.Nf3 Ne7 10.Qd2 Nf5 11.Bd3 Bd7 12.Ne2 g6 13.c3 Nh4 14.O-O Nxf3+ 15.Rxf3 
c5 16.Kh1 Qb6 17.g4 h5 18.Rh3 O-O-O 19.Rf1 Kb8 20.gxh5 gxh5 21.dxc5 Bxc5 
22.b4 Bf8 23.Nd4 Bxb4 24.Rb1 Qxd4 25.Rxb4 Qc5 26.Be2 h4 27.f5 exf5 28.
Rbxh4 Rxh4 29.Rxh4 Rc8 30.Qf4 Be6 31.Rh3 Qb6 32.Rg3 Qb1+ 33.Kg2 Qxa2 34.
Kf2 a5 35.h4 Rh8 36.Qd4 Qc2 37.h5 f4 38.Qxf4 Rxh5 39.Rg8+ Kc7 40.Qd4 b6 
41.Rb8 Rh2+ 42.Kg1 Qb1+ 43.Kxh2 Kxb8 44.c4 Qb4 45.Bf3 dxc4 46.Qd8+ Bc8 47.
Qd5 Qc5 48.Qa8+ Kc7 49.Kg2 Be6 50.Qb7+ Kd8 0-1

[Event "11th Capablanca Memorial"]
[Site "Camaguey CUB"]
[Date "1974.??.??"]
[Round "13"]
[White "Garcia Martinez, Silvino"]
[Black "Andersson, Ulf"]
[Result "0-1"]
[WhiteElo "2450"]
[BlackElo "2555"]
[EventDate "1974.03.15"]
[PlyCount "70"]

1.e4 c5 2.Nf3 e6 3.d4 cxd4 4.Nxd4 Nc6 5.Nc3 Qc7 6.Be2 Nf6 7.O-O a6 8.Be3 
d6 9.f4 Be7 10.Qe1 O-O 11.Qg3 Nxd4 12.Bxd4 b5 13.a3 Bb7 14.Bd3 e5 15.fxe5 
Nh5 16.Qe3 dxe5 17.Bb6 Qd6 18.Kh1 Nf4 19.Rfd1 Qg6 20.Bf1 Bg5 21.Qc5 Rfe8 
22.Re1 Re6 23.Ba5 Bh4 24.Nd5 Rc8 25.Qa7 Bxd5 26.Qd7 Rf8 27.exd5 Rd6 28.Qb7
Bxe1 29.Rxe1 Nxd5 30.c4 bxc4 31.Bxc4 Nf4 32.Bb4 Rd7 33.Qf3 Nd3 34.Bxf8 
Nxe1 35.Qa8 Rd8 0-1

[Event "11th Capablanca Memorial"]
[Site "Camaguey CUB"]
[Date "1974.??.??"]
[Round "13"]
[White "Pinal Borges, Nelson"]
[Black "Knaak, Rainer"]
[Result "0-1"]
[WhiteElo "2310"]
[BlackElo "2475"]
[EventDate "1974.03.15"]
[PlyCount "62"]

1.e4 Nc6 2.Nf3 d6 3.d4 Bg4 4.Bb5 a6 5.Bxc6+ bxc6 6.h3 Bh5 7.c4 e6 8.Nc3 
Be7 9.Qa4 Qd7 10.Be3 f5 11.exf5 exf5 12.O-O-O Nf6 13.Ne5 dxe5 14.dxe5 Bxd1
15.Rxd1 Qe6 16.exf6 Bxf6 17.Nd5 O-O 18.Nxf6+ Rxf6 19.Bd4 Rg6 20.g3 Rd8 21.
Bc3 Rxd1+ 22.Qxd1 Qd6 23.Qf3 Qd7 24.a3 Re6 25.Kc2 Re4 26.g4 Rxc4 27.gxf5 
Qd5 28.Qg3 Qxf5+ 29.Kb3 Qf7 30.Qxg7+ Qxg7 31.Bxg7 Rh4 0-1

[Event "11th Capablanca Memorial"]
[Site "Camaguey CUB"]
[Date "1974.??.??"]
[Round "13"]
[White "Schmidt, Wlodzimierz"]
[Black "Spasov, Luben"]
[Result "0-1"]
[WhiteElo "2455"]
[BlackElo "2470"]
[EventDate "1974.03.15"]
[PlyCount "86"]

1.Nf3 Nf6 2.c4 b6 3.g3 Bb7 4.Bg2 e6 5.O-O Be7 6.Nc3 O-O 7.Qc2 c5 8.e4 Nc6 
9.Rd1 Nd4 10.Nxd4 cxd4 11.Ne2 e5 12.d3 d6 13.Rf1 Nd7 14.f4 a5 15.h4 a4 16.
f5 Nc5 17.Bd2 b5 18.b4 axb3 19.axb3 bxc4 20.bxc4 Qb6 21.Rxa8 Rxa8 22.Rb1 
Qa7 23.Kh2 Qa4 24.Qxa4 Rxa4 25.Nc1 Ra6 26.Bf3 g6 27.fxg6 hxg6 28.Bg4 Bd8 
29.Kg1 Kg7 30.Kf1 Bc6 31.Rb8 Bc7 32.Rc8 Ra7 33.Ke2 Na4 34.Ba5 Bxa5 35.Rxc6
Nc3+ 36.Kf2 Bb4 37.Rb6 Bc5 38.Rb2 Ba3 39.Rc2 Bxc1 40.Rxc1 Ra2+ 41.Kf1 Rd2 
42.Bf3 Rxd3 43.Kf2 Rd2+ 0-1

[Event "11th Capablanca Memorial"]
[Site "Camaguey CUB"]
[Date "1974.??.??"]
[Round "13"]
[White "Fernandez Gonzalez, Juan Carlos"]
[Black "Gufeld, Eduard"]
[Result "0-1"]
[WhiteElo "2435"]
[BlackElo "2500"]
[EventDate "1974.03.15"]
[PlyCount "52"]

1.e4 c5 2.Nf3 e6 3.Nc3 a6 4.d4 cxd4 5.Nxd4 Nc6 6.Be2 Qc7 7.O-O Nf6 8.Kh1 
d6 9.f4 Be7 10.Bf3 Bd7 11.a4 O-O 12.g4 Nxd4 13.Qxd4 Bc6 14.g5 Nd7 15.Nd5 
Bxd5 16.exd5 e5 17.Qf2 f5 18.Be3 Rae8 19.Rfc1 exf4 20.Bxf4 Ne5 21.Bh5 g6 
22.Be2 Ng4 23.Bxg4 fxg4 24.Qd2 Qc4 25.Bg3 Bxg5 26.Qxg5 Re2 0-1

[Event "11th Capablanca Memorial"]
[Site "Camaguey CUB"]
[Date "1974.??.??"]
[Round "14"]
[White "Pfleger, Helmut"]
[Black "Pinal Borges, Nelson"]
[Result "1/2-1/2"]
[WhiteElo "2520"]
[BlackElo "2310"]
[EventDate "1974.03.15"]
[PlyCount "109"]

1.Nf3 c5 2.c4 Nc6 3.Nc3 g6 4.d4 cxd4 5.Nxd4 Bg7 6.Nc2 d6 7.e4 Bxc3+ 8.bxc3
Nf6 9.f3 Qa5 10.Bd2 Nd7 11.Be2 Nc5 12.O-O Be6 13.Nd4 Qa6 14.Nxe6 fxe6 15.
Qb1 e5 16.Be3 O-O-O 17.a4 Qa5 18.Qc2 Qc7 19.g3 Na5 20.Rab1 b6 21.Kg2 Ncb7 
22.Rb4 Nc6 23.Rb5 Nca5 24.Qa2 Qc6 25.Rd1 Rd7 26.c5 Nxc5 27.Bxc5 dxc5 28.
Rxd7 Qxd7 29.Rb1 e6 30.Rd1 Qe7 31.f4 exf4 32.gxf4 Rd8 33.Rxd8+ Kxd8 34.Bg4
c4 35.Qf2 Nb3 36.Qe2 Na5 37.e5 Qd7 38.Qe4 Ke7 39.Bf3 Kf7 40.Kg3 Kg7 41.Bg4
Qd5 42.Qxd5 exd5 43.Kf3 d4 44.Ke2 dxc3 45.Kd1 Nb3 46.Kc2 Nc5 47.Kxc3 Nxa4+
48.Kxc4 Kf8 49.h4 Ke7 50.h5 Nc5 51.h6 Ne6 52.f5 gxf5 53.Bxf5 Ng5 54.Kb5 a5
55.Bc2 1/2-1/2

[Event "11th Capablanca Memorial"]
[Site "Camaguey CUB"]
[Date "1974.??.??"]
[Round "14"]
[White "Estevez Morales, Guillermo"]
[Black "Garcia Martinez, Silvino"]
[Result "1/2-1/2"]
[WhiteElo "2345"]
[BlackElo "2450"]
[EventDate "1974.03.15"]
[PlyCount "23"]

1.Nf3 c5 2.c4 g6 3.g3 Bg7 4.Bg2 Nc6 5.O-O e6 6.Nc3 Nge7 7.e3 d5 8.cxd5 
Nxd5 9.Nxd5 exd5 10.d4 cxd4 11.Nxd4 Nxd4 12.exd4 1/2-1/2

[Event "11th Capablanca Memorial"]
[Site "Camaguey CUB"]
[Date "1974.??.??"]
[Round "14"]
[White "Cobo Arteaga, Eldis"]
[Black "Schmidt, Wlodzimierz"]
[Result "1/2-1/2"]
[WhiteElo "2395"]
[BlackElo "2455"]
[EventDate "1974.03.15"]
[PlyCount "38"]

1.c4 g6 2.Nc3 c5 3.g3 Bg7 4.Bg2 Nc6 5.Nf3 a6 6.O-O Rb8 7.a4 d6 8.d3 Nf6 9.
Bd2 O-O 10.Ne1 Bd7 11.Rb1 Ne8 12.Nc2 Nc7 13.b4 Nxb4 14.Nxb4 cxb4 15.Rxb4 
b5 16.axb5 axb5 17.cxb5 Nxb5 18.Nxb5 Rxb5 19.Rxb5 Bxb5 1/2-1/2

[Event "11th Capablanca Memorial"]
[Site "Camaguey CUB"]
[Date "1974.??.??"]
[Round "14"]
[White "Spasov, Luben"]
[Black "Rossetto, Hector Decio"]
[Result "1/2-1/2"]
[WhiteElo "2470"]
[BlackElo "2435"]
[EventDate "1974.03.15"]
[PlyCount "57"]

1.Nf3 d5 2.c4 c6 3.d4 Nf6 4.Nc3 g6 5.e3 Bg7 6.Be2 O-O 7.O-O Bg4 8.h3 Bxf3 
9.Bxf3 e6 10.b3 Nbd7 11.Bb2 Qe7 12.a4 Rfd8 13.a5 a6 14.Qe2 Nf8 15.Na4 Ne4 
16.Nb6 Rab8 17.b4 Nd6 18.Qc2 Nd7 19.c5 Nf5 20.g4 Nh4 21.Bh1 e5 22.f4 Nxb6 
23.axb6 exf4 24.exf4 Qe3+ 25.Kh2 Re8 26.Rae1 Qxe1 27.Rxe1 Rxe1 28.Bc3 Re3 
29.Bd2 1/2-1/2

[Event "11th Capablanca Memorial"]
[Site "Camaguey CUB"]
[Date "1974.??.??"]
[Round "14"]
[White "Andersson, Ulf"]
[Black "Fernandez Gonzalez, Juan Carlos"]
[Result "1-0"]
[WhiteElo "2555"]
[BlackElo "2435"]
[EventDate "1974.03.15"]
[PlyCount "81"]

1.Nf3 d5 2.c4 d4 3.e3 c5 4.exd4 cxd4 5.d3 Nc6 6.g3 e5 7.Bg2 Bd6 8.O-O Nge7
9.Nbd2 f5 10.a3 a5 11.Re1 O-O 12.c5 Bxc5 13.Nxe5 Nxe5 14.Rxe5 Bd6 15.Re1 
Kh8 16.Nc4 Ng6 17.Qh5 Ra6 18.Bg5 Qd7 19.Bd2 Bc7 20.b4 a4 21.Rac1 f4 22.Qd5
fxg3 23.fxg3 Qxd5 24.Bxd5 Raf6 25.Na5 Bb8 26.Be4 Bh3 27.Nxb7 Rf2 28.Rcd1 
Ne5 29.Bf4 Ng4 30.Bxb8 Rxb8 31.Nd6 g6 32.Rc1 Rbf8 33.b5 Ne5 34.b6 Kg7 35.
b7 Nd7 36.Bh1 Kh6 37.Ne4 Rb2 38.Rb1 Rb3 39.Nf2 Be6 40.Rxb3 axb3 41.Rxe6 
1-0

[Event "11th Capablanca Memorial"]
[Site "Camaguey CUB"]
[Date "1974.??.??"]
[Round "14"]
[White "Gufeld, Eduard"]
[Black "Vasiukov, Evgeny"]
[Result "1-0"]
[WhiteElo "2500"]
[BlackElo "2560"]
[EventDate "1974.03.15"]
[PlyCount "119"]

1.e4 c5 2.Nf3 e6 3.d4 cxd4 4.Nxd4 a6 5.Bd3 Qc7 6.O-O Ne7 7.b3 Nbc6 8.Bb2 
Nxd4 9.Bxd4 Nc6 10.Bb2 Bd6 11.h3 Be5 12.c3 b5 13.Nd2 Bb7 14.Nf3 Bf6 15.Qe2
O-O 16.Rfe1 Ne5 17.Nxe5 Bxe5 18.c4 b4 19.Bxe5 Qxe5 20.Qe3 a5 21.a4 Rac8 
22.Rad1 f6 23.Bf1 Rf7 24.g3 Rc5 25.Bg2 Qc7 26.Rd2 Re7 27.Qd4 h6 28.Red1 
Kh7 29.Qe3 Bc8 30.Rd6 Rf7 31.Kh2 g6 32.R1d2 Kg7 33.Qd4 Kh7 34.Qe3 Kg7 35.
Rd1 Kh7 36.R1d3 Kg7 37.f4 Re7 38.Rd2 Qa7 39.Qe2 Kh7 40.Qg4 Rf7 41.R2d3 Qc7
42.Qd1 Kg7 43.Rd2 Kf8 44.Qg1 Ke7 45.Qd4 g5 46.Qb2 Rg7 47.Bf3 Rg8 48.e5 
fxe5 49.fxe5 Rf8 50.Bg4 Rf7 51.Rd1 Kf8 52.h4 Kg7 53.hxg5 h5 54.Bh3 Bb7 55.
Rf1 Rxf1 56.Bxf1 Qc8 57.Qf2 Be4 58.Qf6+ Kg8 59.Bh3 Rc6 60.g6 1-0

[Event "11th Capablanca Memorial"]
[Site "Camaguey CUB"]
[Date "1974.??.??"]
[Round "14"]
[White "Parma, Bruno"]
[Black "Garcia Gonzales, Guillermo"]
[Result "1-0"]
[WhiteElo "2500"]
[BlackElo "2470"]
[EventDate "1974.03.15"]
[PlyCount "81"]

1.e4 d6 2.d4 Nf6 3.Nc3 g6 4.f4 Bg7 5.Nf3 O-O 6.Bd3 Nc6 7.O-O Bg4 8.e5 dxe5
9.dxe5 Nd5 10.h3 Nxc3 11.bxc3 Bf5 12.Bxf5 Qxd1 13.Rxd1 gxf5 14.Nd4 Rfd8 
15.Be3 Nxd4 16.cxd4 e6 17.g4 fxg4 18.hxg4 f6 19.Kf2 c5 20.c3 cxd4 21.cxd4 
Rd5 22.Rab1 b6 23.Rdc1 Rf8 24.Ke2 Ra5 25.Rb2 fxe5 26.fxe5 Re8 27.Rc7 Ra3 
28.Rbc2 Bf8 29.R7c3 Rxc3 30.Rxc3 Re7 31.Rc8 Kf7 32.Kd3 Rd7 33.Ke4 Bg7 34.
Bg5 Kg6 35.Bc1 Kf7 36.Ba3 Kg6 37.Bd6 Kf7 38.d5 Rb7 39.Rc2 b5 40.Rf2+ Ke8 
41.dxe6 1-0

[Event "11th Capablanca Memorial"]
[Site "Camaguey CUB"]
[Date "1974.??.??"]
[Round "15"]
[White "Fernandez Gonzalez, Juan Carlos"]
[Black "Estevez Morales, Guillermo"]
[Result "1/2-1/2"]
[WhiteElo "2435"]
[BlackElo "2345"]
[EventDate "1974.03.15"]
[PlyCount "30"]

1.d4 Nf6 2.c4 g6 3.Nc3 Bg7 4.e4 d6 5.Nf3 O-O 6.Be3 e5 7.dxe5 dxe5 8.Qxd8 
Rxd8 9.Nd5 Nxd5 10.cxd5 c6 11.Bc4 cxd5 12.Bxd5 Nc6 13.Bxc6 bxc6 14.O-O h6 
15.Rfc1 Be6 1/2-1/2

[Event "11th Capablanca Memorial"]
[Site "Camaguey CUB"]
[Date "1974.??.??"]
[Round "15"]
[White "Schmidt, Wlodzimierz"]
[Black "Parma, Bruno"]
[Result "1/2-1/2"]
[WhiteElo "2455"]
[BlackElo "2500"]
[EventDate "1974.03.15"]
[PlyCount "35"]

1.c4 c5 2.g3 Nc6 3.Bg2 g6 4.Nc3 Bg7 5.Nf3 d6 6.O-O Nf6 7.d4 cxd4 8.Nxd4 
Nxd4 9.Qxd4 O-O 10.Qd2 Rb8 11.b3 Be6 12.Bb2 Qa5 13.Rfd1 Rfc8 14.Nd5 Qxd2 
15.Rxd2 Nxd5 16.Bxg7 Kxg7 17.Bxd5 Bxd5 18.Rxd5 1/2-1/2

[Event "11th Capablanca Memorial"]
[Site "Camaguey CUB"]
[Date "1974.??.??"]
[Round "15"]
[White "Pinal Borges, Nelson"]
[Black "Spasov, Luben"]
[Result "1/2-1/2"]
[WhiteElo "2310"]
[BlackElo "2470"]
[EventDate "1974.03.15"]
[PlyCount "79"]

1.e4 c5 2.Nf3 d6 3.Bb5+ Bd7 4.Bxd7+ Qxd7 5.O-O Nc6 6.c3 Nf6 7.Re1 e6 8.d4 
cxd4 9.cxd4 d5 10.e5 Ng8 11.Nc3 Nge7 12.Ne2 Nf5 13.Ng3 g6 14.Nxf5 gxf5 15.
Bg5 Be7 16.Bxe7 Qxe7 17.Qd2 O-O-O 18.Rac1 Kb8 19.Rc3 Rhg8 20.h3 Rg6 21.Kh2
Rdg8 22.g3 Rc8 23.Rec1 Rgg8 24.a3 h5 25.b4 a6 26.Rc5 Qd7 27.Qh6 Rh8 28.Qf6
h4 29.gxh4 Rcg8 30.Rg1 Qe7 31.Rcc1 Qxf6 32.exf6 Rxg1 33.Rxg1 Rh6 34.Kg3 
f4+ 35.Kxf4 Rxf6+ 36.Ke3 Ne7 37.Ne5 Nf5+ 38.Kd3 Rh6 39.Rg4 f6 40.Nd7+ 
1/2-1/2

[Event "11th Capablanca Memorial"]
[Site "Camaguey CUB"]
[Date "1974.??.??"]
[Round "15"]
[White "Knaak, Rainer"]
[Black "Pfleger, Helmut"]
[Result "1/2-1/2"]
[WhiteElo "2475"]
[BlackElo "2520"]
[EventDate "1974.03.15"]
[PlyCount "20"]

1.d4 Nf6 2.Nf3 g6 3.g3 Bg7 4.Bg2 O-O 5.O-O d5 6.c4 c6 7.cxd5 cxd5 8.Nc3 
Nc6 9.Bf4 Ne4 10.Rc1 Nxc3 1/2-1/2

[Event "11th Capablanca Memorial"]
[Site "Camaguey CUB"]
[Date "1974.??.??"]
[Round "15"]
[White "Vasiukov, Evgeny"]
[Black "Andersson, Ulf"]
[Result "1/2-1/2"]
[WhiteElo "2560"]
[BlackElo "2555"]
[EventDate "1974.03.15"]
[PlyCount "96"]

1.e4 d6 2.d4 g6 3.Nf3 Nf6 4.Nc3 Bg7 5.Be2 O-O 6.O-O c6 7.Bf4 Nbd7 8.h3 Nh5
9.Bg5 Re8 10.Qd2 Qc7 11.Rfd1 b5 12.a4 b4 13.Nb1 Nhf6 14.Qe3 Bb7 15.Nbd2 
Rab8 16.a5 a6 17.Qb3 c5 18.Bc4 e6 19.d5 exd5 20.exd5 Ne4 21.Nxe4 Rxe4 22.
Qd3 Rbe8 23.c3 h6 24.Bd2 Qc8 25.Ra4 bxc3 26.Bxc3 Bxc3 27.bxc3 Nf6 28.Raa1 
Nh5 29.Nd2 R4e5 30.Nf1 Nf6 31.Ne3 Kg7 32.Rab1 Nd7 33.Rb2 R5e7 34.Qb1 Ba8 
35.Bf1 Qc7 36.Nc4 Nf6 37.Rb6 Bxd5 38.Nxd6 Rd8 39.Nc4 Bxc4 40.Bxc4 Rxd1+ 
41.Qxd1 Ne4 42.Rxa6 Nxc3 43.Qd6 Ne4 44.Qxc7 Rxc7 45.Bd5 Nf6 46.Bf3 c4 47.
Rc6 Ra7 48.Rc5 c3 1/2-1/2

[Event "11th Capablanca Memorial"]
[Site "Camaguey CUB"]
[Date "1974.??.??"]
[Round "15"]
[White "Rossetto, Hector Decio"]
[Black "Cobo Arteaga, Eldis"]
[Result "1/2-1/2"]
[WhiteElo "2435"]
[BlackElo "2395"]
[EventDate "1974.03.15"]
[PlyCount "28"]

1.d4 d5 2.Nf3 Nf6 3.e3 e6 4.Bd3 Be7 5.O-O O-O 6.Nbd2 b6 7.Qe2 Bb7 8.e4 
dxe4 9.Nxe4 Nbd7 10.c3 c5 11.dxc5 Nxe4 12.Bxe4 Bxe4 13.Qxe4 Nxc5 14.Qe2 
Qd3 1/2-1/2

[Event "11th Capablanca Memorial"]
[Site "Camaguey CUB"]
[Date "1974.??.??"]
[Round "15"]
[White "Garcia Gonzales, Guillermo"]
[Black "Gufeld, Eduard"]
[Result "0-1"]
[WhiteElo "2470"]
[BlackElo "2500"]
[EventDate "1974.03.15"]
[PlyCount "146"]

1.d4 Nf6 2.c4 g6 3.Nc3 Bg7 4.e4 d6 5.Be2 O-O 6.Bg5 h6 7.Be3 c5 8.dxc5 Qa5 
9.Qd2 dxc5 10.Bxh6 Bxh6 11.Qxh6 Nxe4 12.Rc1 Nc6 13.g4 Rd8 14.Nh3 Nd4 15.
Bd1 Nf6 16.Ng5 Ne6 17.h4 Nf8 18.h5 Rxd1+ 19.Rxd1 Nxg4 20.Qxf8+ Kxf8 21.
hxg6 f6 22.Rd8+ Kg7 23.Rh7+ Kxg6 24.Rg8+ Kf5 25.Nf3 Kf4 26.Nd2 Ne5 27.Nd5+
Kf5 28.Ke2 Nc6 29.a3 b6 30.Nc7 Nd4+ 31.Ke3 Ke5 32.Nxa8 Nf5+ 33.Ke2 Bb7 34.
Nc7 Qa4 35.Rh5 Qc2 36.Rd8 Kf4 37.Ne6+ Kg4 38.Rxf5 Kxf5 39.Ng7+ Kg6 40.Rd7 
Kxg7 41.Rxe7+ Kg6 42.Rxb7 Qxb2 43.Rxa7 Kf5 44.Rb7 Kf4 45.Re7 Qxa3 46.Re3 
Qa7 47.Rb3 f5 48.Rf3+ Ke5 49.Re3+ Kf6 50.Rb3 Qb7 51.Ke1 Kg5 52.Kd1 f4 53.
Ke2 Kg4 54.Kd1 Qc6 55.Kc1 Qg6 56.Kd1 Kh4 57.Nf3+ Kh5 58.Nd2 Kg4 59.Kc1 Kf5
60.Kc2 Ke5+ 61.Rd3 Ke6 62.Kc3 Qg1 63.f3 Qc1+ 64.Kb3 Kf7 65.Ne4 Qb1+ 66.Kc3
Qb4+ 67.Kc2 Qxc4+ 68.Kd2 Qa2+ 69.Kc3 Ke7 70.Rd2 Qa4 71.Rh2 Qd4+ 72.Kc2 c4 
73.Rh7+ Kd8 0-1